000 02762nam a22001577a 4500
041 _aukr
080 _a09
090 _bЗАХ
100 _aЗахарчук, Л. Ю.
245 _aКонцептуально-ідеографічне наповнення терміносистеми мормонства сучасної англійської мови (корпусно-базований підхід)
260 _aОстрог
_bКАФ
_c2016
300 _a61
520 _aВступ. Розділ І. Теоретичні основи дослідження терміносистеми мормознавства. 1.1. Термінта терміносистема як обєкти термінознавства 1.2. Основні характеристики та структура термоносистеми 1.3. Сучасні методи дослідження та роботи терміносистеми 1.3.1. Корпусна лінгвістика: основні поняття та методи роботи 1.3.2. Робота з термінами у корпусі текстів Розділ ІІ. Терміносистема мормознавства: семантичні та структурні характеристики. 2.1. Мормознавство як предмет наукових лінгвістичних досліджень 2.2. Методологія дослідження 2.3. Класифікаційна ієрархія знань спеціалізованої галузі 2.3.1 Понятійні групи терміносистеми мормознавства 2.3.2. Морфологічні характеристики термінів Розділ ІІІ. Терміносистема мормознавства: фунціональні характеристики 3.1 Параметризація корпусу текстів мормознавства 3.1.1. Особливості відбору текстів для корпусу мормонства 3.1.2. Анотування текстів у корпусі мормонства 3.2. Вибірка термінів з допомогою програми AntCone 3.3. Аналіз отриманих результатів та їх оформлення в системі Moodle 3.3.1. Створення корпусу текстів мормонства в системі Moodle 3.3.2. Розміщення терміносистеми мормонства в системі Moodle Висновки. Список використаної літератури та джерел. Додаток А. Додаток Б.
_0терміносистема, мормознавство
650 _aResearch Papers
999 _c285709
_d285709
942 _cBK